01137cam a2200241 a 45000010009000000050017000090080041000260100017000670200031000840400018001150500023001330820019001561000026001752450088002012500012002892600046003013000057003475050311004046500038007156500026007536500033007798560083008121496948920221121153014.0070816s2008 flua b 001 0 eng  a 2007034217 a9781584885924 (alk. paper) aDLCcDLCdDLC00aQA614.8b.E53 200800a515.39,ELA2221 aElaydi, Saber,d1943-10aDiscrete chaos :bwith applications in science and engineering /cSaber N. Elaydi. a2nd ed. aBoca Raton :bChapman & Hall/CRC,cc2008. axx, 419 p. :bill. ;c25 cm. +e1 CD-ROM (4 3/4 in.) aThe Stability of One-Dimensional Maps (Page-1), Attraction and Bifurcation (Page-61), Chaos in one Dimension (Page-119), Stability of Tow-Dimensional Maps (Page-171), Bifurcation and Chaos in two Dimensions (Page-241), Fractals (Page-289), The Julia and Mandelbrot Sets (Page-341), Bibliography (Page-389). 0aDifferentiable dynamical systems. 0aDifference equations. 0aChaotic behavior in systems.413Table of contents onlyuhttp://www.loc.gov/catdir/toc/ecip0725/2007034217.html